[Event "DVM U14w 2012"]
[Site "Magdeburg GER"]
[Date "2012.12.27"]
[Round "2"]
[White "Alcer, Johanna"]
[Black "Atabay, Hatun"]
[Result "0-1"]
[Termination "normal"]
[Board "6.4"]
[WhiteElo "923"]
[BlackElo "1116"]
[WhiteTeam "SV Empor Berlin"]
[BlackTeam "SK Freiburg Zähringen 1887"]
[WhiteFideId "12964450"]
[BlackFideId "12929603"]
[EventCountry "GER"]
[EventRounds "7"]
[EventType "team-swiss"]
[EventDate "2012.12.26"]

1. e4 e5 2. Nf3 Nc6 3. Bc4 Bc5 4. O-O Nf6 5. Nc3 d6 6. h3 O-O 7. d3 Be6 8. Bb3
Qe7 9. Bg5 Rad8 10. Re1 h6 11. Bh4 Nb4 12. d4 exd4 13. Nxd4 Bxb3 14. axb3 Bxd4
15. Qxd4 Nxc2 16. Qc4 Nxe1 17. Rxe1 c6 18. Qd4 Qe6 19. f4 Rd7 20. b4 c5 21.
bxc5 dxc5 22. Qxc5 b6 23. Qb5 Qd6 24. e5 Qd4+ 25. Bf2 Qxf4 26. exf6 Rfd8 27.
Nd5 Qg5 28. fxg7 Kxg7 29. Nc3 Qxb5 30. Nxb5 Rd2 31. Rb1 a6 32. Nc7 a5 33. Bxb6
a4 34. Bc5 Rc8 35. Bb4 Rc2 36. Nd5 Rc1+ 37. Rxc1 Rxc1+ 38. Kf2 Rc2+ 39. Kg3 Kg6
40. Ba3 Rd2 41. Nf4+ Kf5 42. Kf3 Rd4 43. g3 Rd1 44. g4+ Ke5 45. Nh5 Rd3+ 46.
Kg2 f5 47. gxf5 Kxf5 48. Ng3+ Kf4 49. Ne2+ Ke3 50. Nc3 Kd2 51. Nxa4 Rd5 52. Nc5
Ke2 53. Ne6 Re5 54. Nc7 Rg5+ 55. Kh2 Kf2 56. b4 Rg2+ 57. Kh1 Rg3 58. Nb5 Rxh3#
0-1

[Event "DVM U14w 2012"]
[Site "Magdeburg GER"]
[Date "2012.12.27"]
[Round "2"]
[White "Mao, Yvonne"]
[Black "Kluge, Leyla"]
[Result "0-1"]
[Termination "normal"]
[Board "7.1"]
[WhiteElo "1180"]
[BlackElo "1436"]
[WhiteTeam "SK 1980 Gernsheim"]
[BlackTeam "USG Chemnitz"]
[WhiteFideId "12942561"]
[BlackFideId "12918172"]
[EventCountry "GER"]
[EventRounds "7"]
[EventType "team-swiss"]
[EventDate "2012.12.26"]

1. e4 c5 2. Nf3 Nc6 3. d4 cxd4 4. Nxd4 g6 5. Be3 Bg7 6. Bc4 Nf6 7. Nc3 d6 8. f3
O-O 9. Qd2 a6 10. g4 Qc7 11. h4 Nxd4 12. Qxd4 Nxg4 13. Nd5 Bxd4 14. Nxc7 Nxe3
15. c3 Ra7 16. Bd3 Bb6 17. Nd5 Nxd5 18. exd5 Be3 19. Ke2 Bf4 20. h5 b5 21. hxg6
fxg6 22. Rh4 e5 23. dxe6 Bxe6 24. Rah1 Bc4 25. b3 Bxd3+ 26. Kxd3 h5 27. Rg1 Kh7
28. Ke4 Re7+ 29. Kd5 Re5+ 30. Kc6 Rc5+ 31. Kb6 Rxc3 32. Kxa6 Rc5 33. Re1 Kh6
34. Re4 Bg3 35. Rh3 Rxf3 36. Rb4 Be1 37. Rxf3 Bxb4 38. Rf8 h4 39. Rf4 Be1 40.
Rf8 Rh5 41. Rf1 Bd2 42. Rf2 h3 43. Rxd2 h2 44. Rd1 h1=Q 45. Rxh1 Rxh1 46. Kxb5
g5 47. a4 g4 48. a5 g3 49. a6 g2 50. a7 Ra1 51. Kb6 g1=Q+ 52. Kc6 Rxa7 53. Kxd6
Qg5 54. Kc6 Ra6+ 55. Kb7 Rf6 56. b4 Qg7+ 57. Ka8 Rf8# 1-0

[Event "DVM U14w 2012"]
[Site "Magdeburg GER"]
[Date "2012.12.27"]
[Round "2"]
[White "Graf, Pia"]
[Black "Le, Kim Anh"]
[Result "1-0"]
[Termination "normal"]
[Board "7.2"]
[WhiteElo "1475"]
[BlackElo "982"]
[WhiteTeam "USG Chemnitz"]
[BlackTeam "SK 1980 Gernsheim"]
[WhiteFideId "12917737"]
[BlackFideId "12947342"]
[EventCountry "GER"]
[EventRounds "7"]
[EventType "team-swiss"]
[EventDate "2012.12.26"]

1. e4 c5 2. c3 e6 3. d4 cxd4 4. cxd4 Be7 5. Nf3 Qc7 6. Nc3 a6 7. Be3 b5 8. a3
Bb7 9. Bd3 d6 10. Rc1 Nd7 11. Nxb5 Qb8 12. Nc7+ Kf8 13. Nxa8 Qxa8 14. O-O Ngf6
15. d5 exd5 16. exd5 Bxd5 17. Be2 Ne4 18. Bxa6 Ndc5 19. Bc4 Bb7 20. b4 Nd7 21.
Qb3 d5 22. Bd3 Ndf6 23. a4 Bd6 24. Bc5 Ke7 25. Bxd6+ Kxd6 26. b5 Nc5 27. Qb4
Nfd7 28. Bf5 1-0

[Event "DVM U14w 2012"]
[Site "Magdeburg GER"]
[Date "2012.12.27"]
[Round "2"]
[White "Nguyen, Julia"]
[Black "Fuchs, Joline"]
[Result "0-1"]
[Termination "normal"]
[Board "7.3"]
[WhiteElo "1012"]
[BlackElo "1041"]
[WhiteTeam "SK 1980 Gernsheim"]
[BlackTeam "USG Chemnitz"]
[WhiteFideId "12964689"]
[BlackFideId "12964506"]
[EventCountry "GER"]
[EventRounds "7"]
[EventType "team-swiss"]
[EventDate "2012.12.26"]

1. e4 e5 2. Nf3 Nc6 3. Nc3 Nf6 4. Bb5 d6 5. d3 Be6 6. Bg5 Be7 7. Qd2 h6 8. Be3
O-O 9. O-O-O Ng4 10. Rde1 Nxe3 11. Rxe3 Bg4 12. Bc4 Bxf3 13. Rxf3 Bg5 14. Re3
Bxe3 15. Qxe3 Nd4 16. f4 Qf6 17. g3 a6 18. Rf1 b5 19. Bd5 c6 20. Bb3 a5 21. a3
b4 22. axb4 axb4 23. Na4 c5 24. Kd2 Rfd8 25. Qg1 Qg6 26. fxe5 Qg5+ 27. Ke1 dxe5
28. Nxc5 Ra1+ 29. Kf2 Qf6+ 30. Kg2 Rxf1 31. Qxf1 Qxf1+ 32. Kxf1 Nxb3 33. Nxb3
Rc8 34. c4 bxc3 35. bxc3 Rxc3 36. Nd2 Rxd3 37. Ke2 Ra3 38. Nc4 Ra2+ 39. Kf3
Rxh2 40. Nxe5 f6 41. Ng4 Ra2 42. Kf4 Ra5 43. Ne3 Kf7 44. g4 Ke6 45. Nf5 Kf7 46.
Nd6+ Kg8 47. Nf5 Kh7 48. Nh4 h5 49. gxh5 Rxh5 50. Nf3 g5+ 51. Kf5 Kg7 52. Ke6
g4 53. Ne1 g3 54. Ng2 Rh2 55. Nf4 Rf2 56. Nh3 Rf3 57. Ng1 Rf1 58. Nh3 g2 59.
Ke7 Re1 60. Ke6 Rxe4+ 61. Kf5 Re1 62. Kg4 g1=Q+ 63. Nxg1 Rxg1+ 64. Kf4 Re1 65.
Kf3 Kf7 66. Kf4 Ke6 67. Kf3 Kd6 68. Kf2 Re8 69. Kf3 f5 70. Kf4 Re1 71. Kxf5 Re2
72. Kf4 Kd5 73. Kf3 Re8 74. Kf4 Re7 75. Kf3 Kd4 76. Kf2 Kd3 77. Kf1 Kd2 78. Kf2
Rf7+ 79. Kg3 Ke2 0-1

[Event "DVM U14w 2012"]
[Site "Magdeburg GER"]
[Date "2012.12.27"]
[Round "2"]
[White "Wienhold, Nadine"]
[Black "Le, Mai Linh Lisa"]
[Result "0-1"]
[Termination "normal"]
[Board "7.4"]
[WhiteElo "1167"]
[BlackElo "871"]
[WhiteTeam "USG Chemnitz"]
[BlackTeam "SK 1980 Gernsheim"]
[WhiteFideId "12964514"]
[BlackFideId "12964697"]
[EventCountry "GER"]
[EventRounds "7"]
[EventType "team-swiss"]
[EventDate "2012.12.26"]

1. e4 d5 2. exd5 Qxd5 3. Nc3 Qa5 4. d4 Nf6 5. Bd2 c6 6. Ne4 Qd5 7. Nxf6+ exf6
8. Qe2+ Be6 9. Nf3 g6 10. Bc3 Bg7 11. Qe3 O-O 12. Be2 Nd7 13. O-O b6 14. Rfd1
Rfe8 15. b3 Bf5 16. Bc4 Rxe3 17. Bxd5 Rxc3 18. Bc4 Rxc2 19. d5 cxd5 20. Bxd5
Re8 21. Nd4 Rc5 22. Nxf5 gxf5 23. Bxf7+ Kxf7 24. Rxd7+ Re7 25. Rad1 Rce5 26.
Rxe7+ Kxe7 27. h3 f4 28. f3 Rc5 29. Rd2 f5 30. Re2+ Kf7 31. Kf1 a5 32. Rd2 Ke7
33. Ke2 Rc6 34. Rd5 Re6+ 35. Kd3 Re3+ 36. Kc4 Ke6 37. Rd2 Bc3 38. Rc2 Bb4 39.
Kb5 Bc5 40. Kc6 Rd3 41. Kb5 Kd6 42. Kc4 Rd4+ 43. Kc3 Kd5 44. a4 Bb4+ 45. Kb2
Rd3 46. Rc4 Rd2+ 47. Kc1 Rxg2 48. Rxf4 Bd2+ 49. Kd1 Bxf4 50. Ke1 Rb2 51. Kd1
Rxb3 52. Kc2 Kc4 53. Kd1 b5 54. axb5 Rxb5 55. Ke1 a4 56. h4 a3 57. Kf2 Rb2+ 58.
Ke1 a2 59. h5 a1=R# 0-1

[Event "DVM U14w 2012"]
[Site "Magdeburg GER"]
[Date "2012.12.27"]
[Round "2"]
[White "Winterberg, Johanna"]
[Black "Semenova, Alisa"]
[Result "0-1"]
[Termination "normal"]
[Board "8.1"]
[WhiteElo "1327"]
[BlackElo "1579"]
[WhiteTeam "SV Breitenworbis"]
[BlackTeam "SK Neumarkt"]
[WhiteFideId "12929344"]
[BlackFideId "1272132"]
[EventCountry "GER"]
[EventRounds "7"]
[EventType "team-swiss"]
[EventDate "2012.12.26"]

1. e4 c5 2. Nf3 Nc6 3. d4 cxd4 4. Nxd4 g6 5. Nc3 Bg7 6. Be3 Nf6 7. Bc4 Qa5 8.
Bb3 Nxe4 9. Qd3 Nxc3 10. Qxc3 Qe5 11. O-O-O Nxd4 12. Bxd4 Qf4+ 13. Kb1 Bxd4 14.
Qxd4 Qxd4 15. Rxd4 O-O 16. Re1 e6 17. Rd6 a6 18. c3 b5 19. f3 Rd8 20. Red1 Kf8
21. Bc2 Ke7 22. Be4 Ra7 23. Kc2 f5 24. Bc6 Rc7 25. Ba8 a5 26. f4 Bb7 27. Bxb7
Rxb7 28. R6d3 d5 29. Re1 Rd6 30. Kd2 Rbd7 31. Ke3 b4 32. Kf2 bxc3 33. Rxc3 d4
34. Rd3 Rc7 35. Red1 Rc2+ 36. R1d2 Rxd2+ 37. Rxd2 Kf6 38. g3 h6 39. Ke2 g5 40.
Kd3 e5 41. fxe5+ Kxe5 42. Re2+ Kd5 43. Rc2 Re6 44. a4 Re3+ 45. Kd2 d3 46. Kxe3
dxc2 47. Kd2 Kc4 48. Kxc2 Kb4 49. b3 f4 50. gxf4 gxf4 51. h4 f3 52. Kd3 Kxb3
53. Ke3 Kxa4 54. Kxf3 Kb3 0-1

[Event "DVM U14w 2012"]
[Site "Magdeburg GER"]
[Date "2012.12.27"]
[Round "2"]
[White "Schilay, Eva"]
[Black "Richardt, Angelina"]
[Result "1-0"]
[Termination "normal"]
[Board "8.2"]
[WhiteElo "1124"]
[BlackElo "1244"]
[WhiteTeam "SK Neumarkt"]
[BlackTeam "SV Breitenworbis"]
[WhiteFideId "12930164"]
[BlackFideId "12938149"]
[EventCountry "GER"]
[EventRounds "7"]
[EventType "team-swiss"]
[EventDate "2012.12.26"]

1. e4 e5 2. Nf3 d6 3. d4 exd4 4. Nxd4 Nf6 5. Nc3 c6 6. Bc4 Be7 7. O-O O-O 8. h3
b5 9. Bb3 b4 10. Nce2 Nxe4 11. Re1 Re8 12. Qd3 Nc5 13. Qg3 Nxb3 14. axb3 c5 15.
Nf3 Nc6 16. Bh6 Bf6 17. Nf4 g6 18. Nd5 Rxe1+ 19. Rxe1 Bg7 20. Bg5 Qf8 21. Nc7
Bd7 22. Nxa8 Qxa8 23. Qxd6 Bf5 24. Qxc5 Bxb2 25. Bd2 Bg7 26. Bxb4 Bxc2 27. Re3
Bd1 28. Qd5 Bxf3 29. Rxf3 Qe8 30. Re3 Qc8 31. Bc3 Qa6 32. Bxg7 Kxg7 33. Qc4 Qb6
34. Rc3 Ne5 35. Qc5 Qf6 36. Re3 Nc6 37. Qc3 Nd4 38. Kf1 a6 39. Rd3 Nc6 40.
Qxf6+ Kxf6 41. Rd6+ Ke5 42. Rxc6 f5 43. Rxa6 Kd4 44. Ke2 Kc3 45. Rb6 Kb2 46. b4
Kc3 47. Kf3 Kc4 48. Kf4 Kc3 49. Kg5 Kc4 50. Kh6 1-0

[Event "DVM U14w 2012"]
[Site "Magdeburg GER"]
[Date "2012.12.27"]
[Round "2"]
[White "Hendus, Isabelle"]
[Black "Schilay, Maria"]
[Result "1-0"]
[Termination "normal"]
[Board "8.3"]
[WhiteElo "1290"]
[BlackElo "1115"]
[WhiteTeam "SV Breitenworbis"]
[BlackTeam "SK Neumarkt"]
[WhiteFideId "12964530"]
[BlackFideId "12942979"]
[EventCountry "GER"]
[EventRounds "7"]
[EventType "team-swiss"]
[EventDate "2012.12.26"]

1. e4 e5 2. Nf3 Nc6 3. Bc4 Nf6 4. d3 Be7 5. c3 d5 6. exd5 Nxd5 7. O-O Bf5 8.
Bb5 Qd7 9. Bxc6 Qxc6 10. Nxe5 Qf6 11. d4 h5 12. Qa4+ c6 13. Nd2 g5 14. Ndf3 g4
15. Ng5 b5 16. Qd1 c5 17. Ngxf7 Rg8 18. Nh6 h4 19. Nxg8 Qg7 20. Nxe7 Nxe7 21.
Qe2 h3 22. g3 cxd4 23. cxd4 a6 24. Re1 Rc8 25. d5 Nxd5 26. Nxg4+ Kf8 27. Bh6
Bxg4 28. Bxg7+ Kf7 29. Qxg4 Rc4 30. Qe6+ Kxg7 31. Qxd5 Rc2 32. Re7+ Kg6 33.
Re6+ Kh7 34. Qd7+ Kh8 35. Re8# 1-0

[Event "DVM U14w 2012"]
[Site "Magdeburg GER"]
[Date "2012.12.27"]
[Round "2"]
[White "Held, Fabienne"]
[Black "Diederich, Lena"]
[Result "0-1"]
[Termination "normal"]
[Board "8.4"]
[WhiteElo "766"]
[BlackElo "1219"]
[WhiteTeam "SK Neumarkt"]
[BlackTeam "SV Breitenworbis"]
[WhiteFideId "12964670"]
[BlackFideId "12964549"]
[EventCountry "GER"]
[EventRounds "7"]
[EventType "team-swiss"]
[EventDate "2012.12.26"]

1. e4 e5 2. Nf3 d6 3. Nc3 Nf6 4. d3 Be7 5. Be2 O-O 6. O-O Nbd7 7. Bg5 Nxe4 8.
Nxe4 d5 9. Nc3 Bxg5 10. Nxg5 Qxg5 11. Bg4 Nf6 12. Bxc8 Raxc8 13. Qf3 c6 14. Ne2
e4 15. Qe3 Qxe3 16. fxe3 Ng4 17. dxe4 dxe4 18. c3 Nxe3 19. Rfe1 Nc2 20. Rec1
Nxa1 21. Rxa1 Rcd8 22. Rf1 Rd2 23. Ng3 e3 24. Re1 Rxb2 25. Rxe3 Rd8 26. Re1
Rbd2 27. a3 Rd1 28. Rxd1 Rxd1+ 29. Kf2 Ra1 30. Ne4 Rxa3 31. g3 Ra2+ 32. Kg1 a5
33. Nc5 b5 34. Nb3 a4 35. Nc1 Ra1 36. Kf2 Rxc1 37. h4 a3 38. g4 a2 39. h5 a1=Q
40. Kf3 Qxc3+ 41. Kf4 Qd3 42. h6 Rc4+ 43. Ke5 Qd5# 0-1

[Event "DVM U14w 2012"]
[Site "Magdeburg GER"]
[Date "2012.12.27"]
[Round "2"]
[White "Schnepper, Pauline"]
[Black "G., Diana"]
[Result "1-0"]
[Termination "normal"]
[Board "9.1"]
[WhiteElo "1580"]
[BlackElo "1151"]
[WhiteTeam "SK 1929 Mainaschaff"]
[BlackTeam "Hamburger SK von 1830"]
[WhiteFideId "12918040"]
[BlackFideId "12964700"]
[EventCountry "GER"]
[EventRounds "7"]
[EventType "team-swiss"]
[EventDate "2012.12.26"]

1. e4 e5 2. Nf3 Nc6 3. d4 exd4 4. Nxd4 Nf6 5. Nxc6 bxc6 6. e5 Qe7 7. Qe2 Nd5 8.
c4 Nb6 9. b3 Bb7 10. Nc3 O-O-O 11. Bf4 f6 12. Qe3 Qc5 13. exf6 Qxe3+ 14. Bxe3
gxf6 15. O-O-O Bg7 16. Bd3 f5 17. Kc2 Rhf8 18. Bf4 d5 19. cxd5 cxd5 20. Nb5 Rd7
21. Nxa7+ Kb8 22. Nb5 Ba6 23. Nxc7 Bxd3+ 24. Kxd3 Rxc7 25. Rc1 Rfc8 26. Bxc7+
Rxc7 27. Rxc7 Kxc7 28. Re1 Kd6 29. Re3 Nd7 30. Kc2 Ne5 31. f4 Ng4 32. Rh3 h6
33. Rg3 Bf8 34. h3 Nf2 35. Rg6+ Kc5 36. Rf6 Bg7 37. Rxf5 Kd4 38. Rf7 Bh8 39.
Rh7 Bf6 40. Rxh6 Bg7 41. Rh7 Bf6 42. g4 Ke3 43. g5 Ba1 44. g6 d4 45. Re7+ Kxf4
46. Rf7+ Ke3 47. Rxf2 Kxf2 48. Kd3 Ke1 49. g7 Kd1 50. g8=Q Kc1 51. Qg5+ Kb2 52.
Qd2+ Ka3 53. Qc1+ Bb2 54. Qxb2+ Kxb2 55. h4 Ka1 56. h5 Kb2 57. h6 Kb1 58. h7
Ka1 59. h8=Q Kb1 60. Qxd4 Kxa2 61. Qf2+ Ka3 62. b4 Ka4 63. Kc4 Ka3 64. Qe3+ Ka2
65. b5 Ka1 66. Qf2 Kb1 67. Kc3 1-0

[Event "DVM U14w 2012"]
[Site "Magdeburg GER"]
[Date "2012.12.27"]
[Round "2"]
[White "Michna, Masza"]
[Black "Schwind, Clara"]
[Result "0-1"]
[Termination "normal"]
[Board "9.2"]
[WhiteElo "1056"]
[BlackElo "1375"]
[WhiteTeam "Hamburger SK von 1830"]
[BlackTeam "SK 1929 Mainaschaff"]
[WhiteFideId "12921998"]
[BlackFideId "12964581"]
[EventCountry "GER"]
[EventRounds "7"]
[EventType "team-swiss"]
[EventDate "2012.12.26"]

1. f4 d5 2. Nf3 Nc6 3. e3 Nf6 4. Be2 Bf5 5. O-O e6 6. b3 Be7 7. Bb2 O-O 8. Ne5
Nxe5 9. Bxe5 Nd7 10. Bb2 Bf6 11. Bxf6 Nxf6 12. d3 Qd6 13. Nd2 Qb6 14. Rf3 Ng4
15. Nf1 Rad8 16. h3 Nf6 17. Qc1 Ne8 18. Ng3 Nd6 19. Kh1 Bg6 20. Qd2 c5 21. c3
Nf5 22. Nxf5 Bxf5 23. Rff1 h6 24. Rad1 d4 25. e4 Bh7 26. Qc2 Qc6 27. Rd2 Rd6
28. Bf3 Rd7 29. Rc1 b6 30. Qb2 Qc7 31. cxd4 Qxf4 32. dxc5 bxc5 33. Rxc5 Rfd8
34. Rc3 Qe3 35. Qc2 h5 36. Qd1 g5 37. Qe2 Qxe2 38. Bxe2 Bxe4 39. Kg1 h4 40. Kf2
f5 41. g3 Kg7 42. gxh4 gxh4 43. Ke3 Bd5 44. Kf4 Kf6 45. Bf3 Bxf3 46. Kxf3 Rg8
47. Rg2 Rdg7 48. Rcc2 Rg3+ 49. Rxg3 Rxg3+ 50. Ke2 Rxh3 51. a4 Rh2+ 52. Kd1 Rxc2
53. Kxc2 h3 54. b4 h2 55. b5 h1=Q 56. a5 Qd5 57. b6 axb6 58. a6 Qa8 59. a7 Qxa7
0-1

[Event "DVM U14w 2012"]
[Site "Magdeburg GER"]
[Date "2012.12.27"]
[Round "2"]
[White "Damrich, Alina"]
[Black "Reich, Kristina"]
[Result "1/2-1/2"]
[Termination "normal"]
[Board "9.3"]
[WhiteElo "949"]
[BlackElo "955"]
[WhiteTeam "SK 1929 Mainaschaff"]
[BlackTeam "Hamburger SK von 1830"]
[WhiteFideId "12964603"]
[BlackFideId "12964719"]
[EventCountry "GER"]
[EventRounds "7"]
[EventType "team-swiss"]
[EventDate "2012.12.26"]

1. e4 e5 2. Nf3 Nc6 3. d4 exd4 4. Nxd4 Nf6 5. Nc3 Bc5 6. Nxc6 bxc6 7. Bg5 Be7
8. Bc4 Bb7 9. O-O O-O 10. Re1 d6 11. e5 dxe5 12. Qxd8 Raxd8 13. Rxe5 Rfe8 14.
Re3 Kf8 15. Bxf6 Bxf6 16. Rxe8+ Rxe8 17. Bd3 Kg8 18. h3 Bd4 19. Rd1 Bb6 20. Rd2
g6 21. Ne4 Kg7 22. Re2 Re5 23. Nc3 Rxe2 24. Bxe2 a5 25. a3 Kf6 1/2-1/2

[Event "DVM U14w 2012"]
[Site "Magdeburg GER"]
[Date "2012.12.27"]
[Round "2"]
[White "Kolchugina, Lada"]
[Black "Nguyen, Ha Thanh"]
[Result "0-1"]
[Termination "normal"]
[Board "10.1"]
[WhiteElo "1162"]
[BlackElo "1299"]
[WhiteTeam "SK Langen"]
[BlackTeam "SV Empor Erfurt"]
[WhiteFideId "12929743"]
[BlackFideId "12942154"]
[EventCountry "GER"]
[EventRounds "7"]
[EventType "team-swiss"]
[EventDate "2012.12.26"]

1. e4 c5 2. Nc3 Nc6 3. f4 g6 4. Nf3 Bg7 5. Bc4 Nf6 6. d3 O-O 7. O-O d6 8. Qe1
Bd7 9. Qh4 Qc7 10. Ng5 h6 11. Nh3 Bxh3 12. Qxh3 Qc8 13. f5 g5 14. Qg3 Nh5 15.
Qg4 Nf6 16. Qg3 Nh5 17. Qf3 Nf6 18. h4 Nd4 19. Qf2 g4 20. Nd5 Qd7 21. Nxf6+
Bxf6 22. c3 Nc6 23. Qf4 h5 24. Qh6 Bg7 25. Qxh5 Ne5 26. Bb3 Nxd3 27. Qxg4 Nxc1
28. Raxc1 b5 29. Rf3 Kh7 30. Rg3 Bh6 31. Bxf7 Rxf7 32. Qg6+ Kh8 33. Qg8+ Rxg8
34. Rxg8+ Kxg8 35. Rf1 Be3+ 36. Kh2 d5 37. h5 Qd6+ 38. Kh1 Rh7 39. g4 Qg3 40.
exd5 Qh3# 0-1

[Event "DVM U14w 2012"]
[Site "Magdeburg GER"]
[Date "2012.12.27"]
[Round "2"]
[White "Allin, Katharina"]
[Black "Flach, Helene"]
[Result "1-0"]
[Termination "normal"]
[Board "10.2"]
[WhiteElo "1286"]
[BlackElo "1096"]
[WhiteTeam "SV Empor Erfurt"]
[BlackTeam "SK Langen"]
[WhiteFideId "12903779"]
[BlackFideId "12929735"]
[EventCountry "GER"]
[EventRounds "7"]
[EventType "team-swiss"]
[EventDate "2012.12.26"]

1. e4 e5 2. Nf3 Nc6 3. Bc4 Bc5 4. c3 Nf6 5. d3 d6 6. Bb3 Be6 7. Bc2 Qd7 8. Nbd2
Bb6 9. Ba4 O-O 10. d4 exd4 11. cxd4 d5 12. Ne5 Qe8 13. Nxc6 bxc6 14. e5 Bd7 15.
Qe2 Ng4 16. Bxc6 Bxc6 17. Qxg4 Qe6 18. Qh4 Qf5 19. Nb3 Rfe8 20. Qf4 Qe4+ 21.
Qxe4 dxe4 22. Bf4 Rad8 23. Be3 Re6 24. Rc1 Rg6 25. g3 h6 26. h4 Re6 27. Nc5
Ree8 28. O-O Rd5 29. Nxe4 Bb5 30. Rfd1 Red8 31. Nc3 1-0

[Event "DVM U14w 2012"]
[Site "Magdeburg GER"]
[Date "2012.12.27"]
[Round "2"]
[White "Lehnert, Anna-Victoria"]
[Black "Rieger, Lotta"]
[Result "1/2-1/2"]
[Termination "normal"]
[Board "10.3"]
[WhiteElo "791"]
[BlackElo "1062"]
[WhiteTeam "SK Langen"]
[BlackTeam "SV Empor Erfurt"]
[WhiteFideId "12957062"]
[BlackFideId "12964620"]
[EventCountry "GER"]
[EventRounds "7"]
[EventType "team-swiss"]
[EventDate "2012.12.26"]

1. e4 e5 2. Nf3 Nc6 3. Nc3 Bc5 4. Bc4 d6 5. O-O Bg4 6. h3 Bh5 7. Nd5 Nf6 8. d3
Nd4 9. Be3 Nxf3+ 10. gxf3 Nxd5 11. Bxd5 Bxe3 12. fxe3 Qg5+ 13. Kf2 c6 14. Bc4
f5 15. Rg1 Qh4+ 16. Ke2 Qxh3 17. Qf1 Qxf1+ 18. Raxf1 b6 19. Be6 Ke7 20. Bxf5
Rad8 21. Rh1 g6 22. Bg4 Bxg4 23. fxg4 d5 24. exd5 cxd5 25. Kd2 h5 26. g5
1/2-1/2

[Event "DVM U14w 2012"]
[Site "Magdeburg GER"]
[Date "2012.12.27"]
[Round "2"]
[White "Schulz, Theresa Charlotte"]
[Black "Baratonlieva, Elvana"]
[Result "1-0"]
[Termination "normal"]
[Board "10.4"]
[WhiteElo "964"]
[BlackElo "781"]
[WhiteTeam "SV Empor Erfurt"]
[BlackTeam "SK Langen"]
[WhiteFideId "12952206"]
[BlackFideId "12964751"]
[EventCountry "GER"]
[EventRounds "7"]
[EventType "team-swiss"]
[EventDate "2012.12.26"]

1. e4 b6 2. d4 Bb7 3. Nc3 g6 4. Nf3 Bg7 5. Bc4 Nf6 6. Ng5 e6 7. Qe2 d5 8. exd5
Nxd5 9. Nxd5 Bxd5 10. O-O Bb7 11. Re1 Qd6 12. Nf3 Nc6 13. d5 Ne7 14. dxe6 fxe6
15. Qxe6 Qxe6 16. Rxe6 h6 17. Bd2 Bxb2 18. Rae1 Ba3 19. Rxg6 Rh7 20. Bxh6 O-O-O
21. Rge6 Bb4 22. Rb1 Ba3 23. Bg5 Rd7 24. h3 Ng6 25. Re8+ Rd8 26. Rxd8# 1-0